| 000 -LEADER |
| fixed length control field |
01340nam a2200229Ia 4500 |
| 001 - CONTROL NUMBER |
| control field |
15255 |
| 003 - CONTROL NUMBER IDENTIFIER |
| control field |
GE_BSU |
| 008 - FIXED-LENGTH DATA ELEMENTS--GENERAL INFORMATION |
| fixed length control field |
181216s||||||||xx |||||||||||||| ||und|| |
| 040 ## - CATALOGING SOURCE |
| Transcribing agency |
GE_BSU |
| 080 ## - UNIVERSAL DECIMAL CLASSIFICATION NUMBER |
| Universal Decimal Classification number |
821.353.1 |
| 245 ## - TITLE STATEMENT |
| Title |
ჩვენი საუნჯე:ქართული მწერლობა ოც ტომად. ტ.10. ანტონ ფურცელაძე,ნიკო ლომოური, სოფრომ მგალობლიშვილი, ეკატერინე გაბაშვილი,იოსებ დავითაშვილი |
| 245 ## - TITLE STATEMENT |
| Remainder of title |
ლექსები, პოემები,მოთხრობები, პიესა |
| 245 ## - TITLE STATEMENT |
| Statement of responsibility, etc. |
რედ.ბ.ჟღენტი. მხატვ.ლ.გრიგოლია |
| 260 ## - PUBLICATION, DISTRIBUTION, ETC. |
| Place of publication, distribution, etc. |
თბილისი |
| 260 ## - PUBLICATION, DISTRIBUTION, ETC. |
| Name of publisher, distributor, etc. |
ნაკადული |
| 260 ## - PUBLICATION, DISTRIBUTION, ETC. |
| Date of publication, distribution, etc. |
1960 |
| 300 ## - PHYSICAL DESCRIPTION |
| Extent |
656გვ.23სმ. |
| 653 ## - INDEX TERM--UNCONTROLLED |
| Uncontrolled term |
ანტონ ფურცელაძე,ნიკო ლომოური, სოფრომ მგალობლიშვილი, ეკატერინე გაბაშვილი,იოსებ დავითაშვილი |
| 653 ## - INDEX TERM--UNCONTROLLED |
| Uncontrolled term |
ქართული მწერლობა.ვაჟა-ფშაველა |
| 653 ## - INDEX TERM--UNCONTROLLED |
| Uncontrolled term |
ჩვენი საუნჯე |
| 942 ## - ADDED ENTRY ELEMENTS (KOHA) |
| Koha item type |
წიგნი |